000
00283nam a2200109Ia 4500
008
230822s1987 xx 000 0 und d
041
_a
eng
100
_a
NARAYAN.R.K
245
_a
A WRITER'S NIGHTMARE (SELECTED ESSAYS 1958-1988)
260
_b
PENGUIN BOOKS LTD
_c
1987
300
_a
240
999
_c
858566
_d
858566